| 000 | 01024nam a2200325 i 4500 | ||
|---|---|---|---|
| 003 | EG-GICUC | ||
| 005 | 20260203111609.0 | ||
| 008 | 260203s1955 -uk| ||fr|||| 001 0 eng d | ||
| 040 |
_aEG-GiCUC _cEG-GiCUC _dEG-GiCUC _erda _beng |
||
| 041 | 0 | _aeng | |
| 082 | 0 | 4 |
_221 _a341.84 _bGR . C |
| 092 | 0 | 4 | _221 |
| 099 | _aLaw1 12 341.84 GR . C 3 ed - 1955 | ||
| 100 | 1 |
_aGraveson , R. H. _eAuthor. |
|
| 245 | 1 | 4 |
_aThe Conflict of Laws / _cBy R. H. Graveson. |
| 250 | _aThird Edition. | ||
| 264 | 1 |
_aLondon : _bSweet & Maxwell Limited, _c1955. |
|
| 300 |
_a506 pages, _c24 cm. _billustrations, |
||
| 336 |
_2rda content _atext |
||
| 337 |
_2rda media _aComputer |
||
| 338 |
_2rda carrier _aOnline Resource |
||
| 504 | _aIncludes bibliographical references and index. | ||
| 546 | _aText in English | ||
| 650 | 1 | 4 |
_aPrivate international law _2qrmak |
| 650 | 1 | 4 |
_aconflict of laws _2qrmak |
| 651 | 1 | _2qrmak | |
| 856 | 4 | 0 | _uhttps://fll.law.cu.edu.eg/fulltext/bks/B12-02325.pdf |
| 905 | _a48 | ||
| 942 |
_2ddc _cBK _e21 _n0 |
||
| 999 |
_c60460 _d60460 |
||